000 02779nam0a2200397 4500
001 RU\NLR\BIBL_A\010018910
005 20260406073718.0
010 _a978-5-4417-0235-5
_9500
021 _aRU
_b2013-91629
_96336
035 _a(NILC)RuMoRGB-006696592
035 _a(NLR Aleph) 010018910
090 _a9890884
_c9890884
100 _a20131227d2013 |||y0rusy50 ca
101 0 _arus
102 _aRU
105 _aa|||j|||001yy
200 1 _aСовершенствование процесса изготовления сложных изделий с использованием PDM-систем
_eучебное пособие для студентов, обучающихся по программам высшего профессионального образования по направлениям подготовки 230100.62 Информатика и вычислительная техника и 220700.68 Автоматизация технологических процессов и производств
_fВ. Б. Кузнецова, А. И. Сергеев, А. И. Сердюк, А. В. Попов
_gМ-во образования и науки Российской Федерации, Федеральное гос. бюджетное образовательное учреждение высш. проф. образования "Оренбургский гос. ун-т"
210 _aОренбург
_cУниверситет
_d2013
215 _a143 с.
_cил., табл.
_d21
300 _aНа 4-й с. обл. авт.: Кузнецова В. Б., к.э.н., Сергееев А. И., к.т.н., доц., Сердюк А. И., д.т.н., проф., Попов А.В.
313 _aАвиационной промышленности
320 _aБиблиогр.: с. 133-142 (89 назв.)
606 1 _aАвиационная промышленность
_xИнформационные технологии
_92549492
_3RU\NLR\AUTH\6601721931
675 _a621:004.4(075.8)
686 1 _aУ30(2)585.152.75в612
701 1 _8rus
_7ca
_aКузнецова
_bВ. Б.
_cэкономист
_gВалерия Борисовна
_3RU\NLR\AUTH\7725446
_98494
701 1 _8rus
_7ca
_aСергеев
_bА. И.
_cканд. техн. наук
_gАлександр Иванович
_3RU\NLR\AUTH\7763519
_946448
701 1 _aСердюк
_bА. И.
_gАнатолий Иванович
701 1 _7ca
_8rus
_aПопов
_bА. В.
_cконструктор, авиац. техника
_gАнатолий Васильевич
_3RU\NLR\AUTH\770136326
_9136291
801 0 _aRU
_bRuMoRKP
_c20131114
_gRCR
801 2 _aRU
_bРГБ
_c20131202
_grcr
942 _cBOOK
980 _aNBR
980 _aNB